000 00561nam a2200169Ia 4500
008 231217s9999 xx 000 0 und d
020 _a81-7625-397-9
041 _aEnglish
082 _a373 AGG.2;1 R
100 _aAggarwal, D D.
245 0 _aHistory and development of secondary education in India Vol.2 : principal and practices in secondary education
250 _a1st ed.
260 _c2003
_bSarup and Sons
_aNew Delhi
300 _a286
650 _aHistory,secondary,education,India,Vol.2,Principal,practices,secondary,education
942 _cAA
999 _c195543
_d195543